Los primates / (Record no. 46175)

MARC details
000 -CABECERA
campo de control de longitud fija 00759nam a2200241 a 4500
005 - FECHA Y HORA DE LA ÚLTIMA TRANSACCIÓN
campo de control 20240815063716.0
008 - ELEMENTOS DE LONGITUD FIJA--INFORMACIÓN GENERAL
campo de control de longitud fija 991125s1986 mx 000 0 spa u
020 ## - NÚMERO INTERNACIONAL NORMALIZADO PARA LIBROS
Número Internacional Estándar del Libro 9684180373
035 ## - NÚMERO DE CONTROL DEL SISTEMA
Número de control de sistema UPN01000046175
049 ## - COLECCIÓN
Colección C
050 #4 - SIGNATURA TOPOGRÁFICA DE LA BIBLIOTECA DEL CONGRESO
Número de clasificación QL737 P9
Número de documento/Ítem E3.68 1986
100 1# - ASIENTO PRINCIPAL--NOMBRE PERSONAL
Nombre de persona Eimerl, Sarel
245 14 - MENCIÓN DE TÍTULO
Título Los primates /
Mención de responsabilidad, etc. Sarel Eimerl e Irven DeVore y los redactores de los libros de Time-Life ; tr. Margarita Alvarez.
250 ## - MENCIÓN DE EDICIÓN
Mención de edición 2a ed.
260 ## - PUBLICACIÓN, DISTRIBUCIÓN, ETC.
Lugar de publicación, distribución, etc. México :
Nombre del editor, distribuidor, etc. ECI,
Fecha de publicación, distribución, etc. 1986.
300 ## - DESCRIPCIÓN FÍSICA
Extensión 199 p. :
Otras características físicas fot. col.
440 #0 - MENCIÓN DE SERIE/ASIENTO SECUNDARIO--TÍTULO
Título Colección de la naturaleza de Time-life
650 #4 - ASIENTO SECUNDARIO DE MATERIA - TERMINO TEMATICO
Término de materia o nombre geográfico como elemento de entrada Animales
Subdivisión general Hábitos y comportamiento
9 (RLIN) 1059
650 #4 - ASIENTO SECUNDARIO DE MATERIA - TERMINO TEMATICO
Término de materia o nombre geográfico como elemento de entrada Antropología física
9 (RLIN) 4461
650 #2 - ASIENTO SECUNDARIO DE MATERIA - TERMINO TEMATICO
Término de materia o nombre geográfico como elemento de entrada Primates
9 (RLIN) 18125
700 1# - ASIENTO SECUNDARIO--NOMBRE DE PERSONAL
Nombre de persona DeVore, Irven,
Término indicativo de función/relación coaut.
905 ## - TIPO DE MATERIAL
Tipo de material Libro
Holdings
Estado de retiro Estado de pérdida Fuente del sistema de clasificación o colocación Estado dañado No para préstamo Código de colección Localización permanente Ubicación/localización actual Ubicación en estantería Total de préstamos Clasificación Código de barras Fecha visto por última vez Número de copia Tipo de ítem Koha
    Library of Congress Classification   Consulta Consulta Bib. Gregorio Torres Quintero Bib. Gregorio Torres Quintero Sala de lectura Sótano   QL737 P9 E3.68 1986 255385 31/12/2020 1 Libro
    Library of Congress Classification   Consulta Consulta Bib. Gregorio Torres Quintero Bib. Gregorio Torres Quintero Sala de lectura Sótano   QL737 P9 E3.68 1986 103089 31/12/2020 1 Libro